000 00816nam a2200205 a 4500
001 000024962
005 20200930023457.0
008 110208s1982 cu abc r 000 0 spa d
040 _aDO-SdBNP
_bspa
_cBNPHU
082 _axxxxx
_bN964a
100 1 _aNúñez Jiménez, Antonio
_94130
245 1 3 _aEl archipielago :
_bCuba, la naturaleza y el hombre /
_cAntonio Núñez Jiménez ; edición Rosario Esteva ; prólogo Sarah E. Ysalgué de Massip.
260 _aLa Habana :
_bLetas Cubanas,
_c1982.
300 _at. 1 :
_bil., mapas., retrs. ;
_c25 cm.
500 _aIncluye referencias bibliográficas p. [669-679].
504 _aIncluye referencias bibliográficas y notas al pie de las páginas.
700 1 _aEsteva, Rosario,
_eed.
_916399
700 1 _aYsalgué de Massip, Sarah E.,
_epról.
_951227
049 _aBNGR
999 _c24455
_d24455